Police Uniforms By Country Quiz Stats

Quiz not verified by Sporcle

Score 0/11 Timer 10:00
0 Plays Today
% Correct
Germany
86.7%
UK
86.7%
Russia
56.7%
Turkey
50%
Netherlands
40%
Taiwan
36.7%
Thailand
36.7%
Bulgaria
23.3%
Ghana
20%
Slovenia
20%
Czech Republic
13.3%

You're not logged in!

Compare scores with friends on all Sporcle quizzes.
Join for Free
OR
Log In

You Might Also Like...

Show Comments

Extras

Created Jun 4, 2017ReportNominate
Tags:Country Quiz, police, uniform

Top Quizzes Today


Score Distribution

Your Account Isn't Verified!

In order to create a playlist on Sporcle, you need to verify the email address you used during registration. Go to your Sporcle Settings to finish the process.

Report this User

Report this user for behavior that violates our Community Guidelines.

Details: